Formování kompromisního řešení v rozhodovacím procesu manažera

Kompromis, ako metóda riešenia problémovej situácie. Konštruktívny vplyv tolerancie. Prvky konštrukcie a formovania kompromisu. Hodnotová identifikácia podstaty kompromisu. Maximalizácia vzájomných výhod, ako perspektíva kompromisu.

Guardado en:
Detalles Bibliográficos
Autor principal: Palkovič, J.
Formato: Capítulo de libro
Lenguaje:checo
Materias:
Etiquetas: Agregar Etiqueta
Sin Etiquetas, Sea el primero en etiquetar este registro!

MARC

LEADER 00000naa a2200000 4500
001 r018061
005 20221205102431.7
041 0 |a cze 
044 |a CZ 
245 1 0 |a Formování kompromisního řešení v rozhodovacím procesu manažera  |c J. Palkovič 
520 |a Kompromis, ako metóda riešenia problémovej situácie. Konštruktívny vplyv tolerancie. Prvky konštrukcie a formovania kompromisu. Hodnotová identifikácia podstaty kompromisu. Maximalizácia vzájomných výhod, ako perspektíva kompromisu. 
610 2 0 |a procesy rozhodovacie 
610 2 0 |a manažéri 
610 2 0 |a tolerancia 
100 1 |a Palkovič, J.